Analytics, Data Science, and artificial intelligence : (Record no. 20402)

MARC details
000 -LEADER
fixed length control field 00492nam a22001697a 4500
008 - FIXED-LENGTH DATA ELEMENTS--GENERAL INFORMATION
fixed length control field 231121b |||||||| |||| 00| 0 eng d
020 ## - INTERNATIONAL STANDARD BOOK NUMBER
International Standard Book Number 1292341556
050 ## - LIBRARY OF CONGRESS CALL NUMBER
Classification number QA276.4
Item number .S53 2021
100 ## - MAIN ENTRY--PERSONAL NAME
Personal name Sharda, Ramesh
245 ## - TITLE STATEMENT
Title Analytics, Data Science, and artificial intelligence :
Remainder of title systems for decision support/
Statement of responsibility, etc. Ramesh Sharda
250 ## - EDITION STATEMENT
Edition statement 11th ed.
260 ## - PUBLICATION, DISTRIBUTION, ETC. (IMPRINT)
Place of publication, distribution, etc. London
Name of publisher, distributor, etc. Pearson
Date of publication, distribution, etc. 2021
300 ## - PHYSICAL DESCRIPTION
Extent 831p.
700 ## - ADDED ENTRY--PERSONAL NAME
Personal name Delen, Dursun
700 ## - ADDED ENTRY--PERSONAL NAME
Personal name Turban, Efraim
942 ## - ADDED ENTRY ELEMENTS (KOHA)
Source of classification or shelving scheme Library of Congress Classification
Koha item type General Collection
Holdings
Withdrawn status Lost status Source of classification or shelving scheme Not for loan Home library Current library Date acquired Cost, normal purchase price Total Checkouts Full call number Barcode Date last seen Price effective from Koha item type
    Library of Congress Classification   Kabarak, Main Campus Kabarak, Main Campus 21/11/2023 12966.00   QA276.4 .S53 2021 34457 21/11/2023 21/11/2023 General Collection
Designed with assistance from East African Informatics Ltd